000 00428nam a2200157Ia 4500
008 230524s9999 xx 000 0 und d
082 _a612
_bCOL
100 _aJames C.Coleman
_924009
245 0 _aAbnormal Psychology and Modern Life(5th edn.)
250 _a5TH
260 _aNEW DELHI
_bD.B.Taraporevala Sons & Co
_c1976
300 _aVI;801
500 _aQuantity Number: 1
650 _aMiscellaneous
_91877
942 _cBK
999 _c35557
_d35557